きんいろモザイク 楽曲 - Statistics

General Stats
  • This quiz has been taken 9 times
  • The average score is 13 of 46
Answer Stats
OP/ED 歌手 楽曲名 % Correct
ED Rhodanthe* Your Voice
100%
OP Rhodanthe* 夢色パレード
75%
OP Rhodanthe* Jumping!!
75%
OP Rhodanthe* きんいろローダンセ
63%
ED Rhodanthe* Thank You for Your Smile
63%
IN Rhodanthe* さくらいろチェリッシュ
50%
OP Rhodanthe* きらめきいろサマーレインボー
50%
ED Rhodanthe* My Best Friends
50%
CS アリス・カータレット (CV: 田中真奈美) きみいろスノウフレーク
38%
CS 九条カレン (CV: 東山奈央) わたしいろダリア
38%
IN Rhodanthe* Cheers
38%
OP Rhodanthe* Happy★Pretty★Clover
38%
ED Rhodanthe* Starring!!
38%
IN アリス・カータレット (CV: 田中真奈美) ぎんいろスノウドロップ
25%
CS Rhodanthe* さつきいろハルジオン
25%
CS アリス・カータレット (CV: 田中真奈美), 九条カレン (CV: 東山奈央) きんいろ+ぎんいろモクセイ
25%
CS 大宮忍 (CV: 西明日香), アリス・カータレット (CV: 田中真奈美) ももいろセレブレーション
25%
CS 猪熊陽子 (CV: 内山夕実), 九条カレン (CV: 東山奈央) あきいろスターマイン
25%
CS 小路綾 (CV: 種田梨沙), 猪熊陽子 (CV: 内山夕実) なぎさいろハイビスカス
25%
CS 大宮忍 (CV: 西明日香) はじまりいろスプラッシュ
25%
CS 小路綾 (CV: 種田梨沙) こいいろアイリス
25%
CS 松原穂乃花 (CV: 諏訪彩花) こはくいろパンプキン
25%
CS Rhodanthe* シロツメクサの約束
25%
BD1巻 大宮忍 (CV: 西明日香) こがねいろハーベストムーン
25%
IM 種田梨沙 from Rhodanthe* 叶えてメリーゴーラウンド
25%
IM 東山奈央 from Rhodanthe* 祭りデス☆クリスマス!!
25%
ED Rhodanthe* Shining Star
25%
CS 大宮忍 (CV: 西明日香), 小路綾 (CV: 種田梨沙) ひまわりいろサマーデイズ
13%
BD1巻 大宮忍 (CV: 西明日香) いろどりポインセチア
13%
BD2巻 アリス・カータレット (CV: 田中真奈美) つばきいろマイフレンド
13%
BD3巻 小路綾 (CV: 種田梨沙) 夕焼けいろコスモス
13%
BD4巻 猪熊陽子 (CV: 内山夕実) あじさいいろブルースカイ
13%
BD5巻 九条カレン (CV: 東山奈央) はるいろアネモネ
13%
CS 猪熊陽子 (CV: 内山夕実) みらいいろダンデライオン
13%
CS Rhodanthe* ほしいろサザンクロス
13%
CS Rhodanthe* にじいろアンダンテ
13%
BD2巻 アリス・カータレット (CV: 田中真奈美) じゅんぱくいろシクラメン
13%
BD3巻 小路綾 (CV: 種田梨沙) なついろモーニンググローリー
13%
BD4巻 猪熊陽子 (CV: 内山夕実) みなつきいろジギタリス
13%
BD5巻 九条カレン (CV: 東山奈央) ゆめいろハナミズキ
13%
BD6巻 Rhodanthe* せいしゅんいろミモザ
13%
IM 西明日香 from Rhodanthe* 憧れパラダイス
13%
IM 田中真奈美 from Rhodanthe* 秘密のテレパシー
13%
IM 内山夕実 from Rhodanthe* 全開マジカルパワー
13%
IM Rhodanthe* Harmony
13%
IN アリス・カータレット (CV: 田中真奈美) おたんじょうびのうた
0%
No matching quizzes found
Score Distribution
Percent of People with Each Score
Percentile by Number Answered
Your Score History
You have not taken this quiz